000 00480 a2200181 4500
001 133020
003 OSt
005 20220404103819.0
008
020 _a9783642005404
082 _a530.15636
_bJ79G
100 1 _aJost, Jurgen
245 1 _aGeometry and physics
_cby Jurgen Jost
260 _aHeidelberg
_bSpringer
_c2009
300 _a217p.
690 _aMathematical physics; Geometry, Differential; Quantum theory
942 _2ddc
_cBK
999 _c7352
_d7352